Oil Politics in the 1980s : Pattern of International Cooperation

Guardat en:
Dades bibliogràfiques
Autor principal: Noreng, Oystein
Format: Llibre
Idioma:Undetermined
Publicat: New York McGraw-Hill Book Company 1978
Matèries:
Etiquetes: Afegir etiqueta
Sense etiquetes, Sigues el primer a etiquetar aquest registre!
Thư viện lưu trữ: Trung tâm Học liệu Trường Đại học Cần Thơ
LEADER 00520nam a2200181Ia 4500
001 CTU_85219
008 210402s9999 xx 000 0 und d
082 |a 382.42 
082 |b N834 
100 |a Noreng, Oystein 
245 0 |a Oil Politics in the 1980s : 
245 0 |b Pattern of International Cooperation 
245 0 |c Oystein Noreng 
260 |a New York 
260 |b McGraw-Hill Book Company 
260 |c 1978 
650 |a Petroleum Industry and Trade 
980 |a Trung tâm Học liệu Trường Đại học Cần Thơ